| 000 | 00000nam##2200000za#4500 |
| 001 | 9.695037 |
| 003 | CaOODSP |
| 005 | 20210624234406 |
| 007 | cr ||||||||||| |
| 008 | 150407|2002||||xxc|||||o f|0| 0 eng|d |
| 040 | |aCaOODSP|beng |
| 043 | |an-cn--- |
| 086 | 1 |aJS92-46/2002E-PDF |
| 110 | 2 |aParole Board of Canada. |
| 245 | 10|aOffenders serving a life sentence for murder : |h[electronic resource]|ba statistical overview |
| 260 | |aOttawa - Ontario : |bNational Parole Board |cNovember 2002. |
| 300 | |a15p.|btables |
| 500 | |aN.B.: Incorrect catalogue number (JF92-45/2001) printed on this publication. |
| 590 | |a11-22-Supp|b2011-10-13 |
| 690 | 07|aParole|2gcpds |
| 690 | 07|aCorrectional institutions|2gcpds |
| 690 | 07|aImprisonment|2gcpds |
| 775 | 08|tAperçu statistique sur les délinquants purgeant une peine d'emprisonnement à perpétuité pour meurtre |w(CaOODSP)9.639231 |
| 856 | 40|ahttp://publications.gc.ca|qPDF|s452 KB|uhttps://publications.gc.ca/collections/collection_2011/sp-ps/JS92-46-2002-eng.pdf |